header

U.S. Army on the Mexican border (Record no. 163851)

MARC details
000 -LEADER
fixed length control field 01820nam a2200445 a 4500
082 04 - DEWEY DECIMAL CLASSIFICATION NUMBER
Classification number 972/.1
245 00 - TITLE STATEMENT
Title U.S. Army on the Mexican border
260 ## - PUBLICATION, DISTRIBUTION, ETC. (IMPRINT)
Place of publication New York :
Name of publisher Nova Science Publishers, Inc.,
Year of publication c2010.
300 ## - PHYSICAL DESCRIPTION
Number of Pages x, 111 p.
490 1# - SERIES STATEMENT
Series statement Defense, security and strategy series
650 #0 - SUBJECT ADDED ENTRY--TOPICAL TERM
Topical Term Geopolitics
Topical Term Geopolitics
Topical Term Intervention (International law)
Topical Term National security
Topical Term Border patrols
700 1# - ADDED ENTRY--PERSONAL NAME
Personal name Broggini, Celio.
856 40 - ELECTRONIC LOCATION AND ACCESS
Uniform Resource Identifier http://site.ebrary.com/lib/rucke/Doc?id=10674947

No items available.

© 2026 Rongo University
Contact us: librarian | system librarian | Rongo university